|
|
|
|
| LEADER |
01476nam a2200397 a 4500 |
| 001 |
EBC787350 |
| 003 |
MiAaPQ |
| 005 |
20200520144314.0 |
| 006 |
m o d | |
| 007 |
cr cn||||||||| |
| 008 |
920312s1992 nju sb 001 0 eng d |
| 010 |
|
|
|z 92005685
|
| 020 |
|
|
|z 0691036098 (acid-free paper)
|
| 020 |
|
|
|z 0691015929 (pbk.)
|
| 020 |
|
|
|z 9780691015927
|
| 020 |
|
|
|a 9781400820771 (electronic bk.)
|
| 035 |
|
|
|a (MiAaPQ)EBC787350
|
| 035 |
|
|
|a (Au-PeEL)EBL787350
|
| 035 |
|
|
|a (CaPaEBR)ebr10504757
|
| 035 |
|
|
|a (CaONFJC)MIL330325
|
| 035 |
|
|
|a (OCoLC)758334102
|
| 040 |
|
|
|a MiAaPQ
|c MiAaPQ
|d MiAaPQ
|
| 043 |
|
|
|a e-gr---
|
| 050 |
|
4 |
|a HG237
|b .C65 1992
|
| 082 |
0 |
4 |
|a 332.1/0938/5
|2 20
|
| 100 |
1 |
|
|a Cohen, Edward E.
|
| 245 |
1 |
0 |
|a Athenian economy and society
|h [electronic resource] :
|b a banking perspective /
|c Edward E. Cohen.
|
| 260 |
|
|
|a Princeton, N.J. :
|b Princeton University Press,
|c c1992.
|
| 300 |
|
|
|a xviii, 288 p.
|
| 504 |
|
|
|a Includes bibliographical references and indexes.
|
| 533 |
|
|
|a Electronic reproduction. Ann Arbor, MI : ProQuest, 2015. Available via World Wide Web. Access may be limited to ProQuest affiliated libraries.
|
| 650 |
|
0 |
|a Banks and banking
|z Greece
|z Athens
|x History.
|
| 651 |
|
0 |
|a Greece
|x History
|y Spartan and Theban Supremacies, 404-362 B.C.
|
| 655 |
|
4 |
|a Electronic books.
|
| 710 |
2 |
|
|a ProQuest (Firm)
|
| 856 |
4 |
0 |
|u https://ebookcentral.proquest.com/lib/matrademy/detail.action?docID=787350
|z Click to View
|